Organizational behavior / (Record no. 17681)
[ view plain ]
| 000 -LEADER | |
|---|---|
| fixed length control field | 01298cam a22003615a 4500 |
| 001 - CONTROL NUMBER | |
| control field | 15122679 |
| 003 - CONTROL NUMBER IDENTIFIER | |
| control field | EG-ScBUE |
| 005 - DATE AND TIME OF LATEST TRANSACTION | |
| control field | 20210607100955.0 |
| 008 - FIXED-LENGTH DATA ELEMENTS--GENERAL INFORMATION | |
| fixed length control field | 071227t2012 enka f bd 001 0 eng d |
| 020 ## - INTERNATIONAL STANDARD BOOK NUMBER | |
| International Standard Book Number | 1408259656 |
| 020 ## - INTERNATIONAL STANDARD BOOK NUMBER | |
| International Standard Book Number | 9781408259658 |
| 040 ## - CATALOGING SOURCE | |
| Original cataloging agency | EG-ScBUE |
| Language of cataloging | eng |
| Description conventions | rda |
| Transcribing agency | EG-ScBUE |
| Modifying agency | EG-ScBUE |
| 082 04 - DEWEY DECIMAL CLASSIFICATION NUMBER | |
| Classification number | 658.3 |
| Item number | ROB |
| Edition number | 22 |
| 100 1# - MAIN ENTRY--PERSONAL NAME | |
| Personal name | Robbins, Stephen P., |
| Dates associated with a name | 1943- |
| Relator term | author. |
| 9 (RLIN) | 20090 |
| 245 10 - TITLE STATEMENT | |
| Title | Organizational behavior / |
| Statement of responsibility, etc | Stephen P. Robbins, San Diego State University, Timothy A. Judge, University of Florida, Elham S. Hasham, Notre Dame University, Lebanon. |
| 250 ## - EDITION STATEMENT | |
| Edition statement | Arab world edition. |
| 264 #1 - PUBLICATION, DISTRIBUTION, ETC. (IMPRINT) | |
| Place of publication, distribution, etc | Harlow, England : |
| Name of publisher, distributor, etc | Pearson Education Limited, |
| Date of publication, distribution, etc | [2012] |
| 264 #1 - PUBLICATION, DISTRIBUTION, ETC. (IMPRINT) | |
| Date of publication, distribution, etc | c2012 |
| 300 ## - PHYSICAL DESCRIPTION | |
| Extent | xxxv., 593 pages : |
| Other physical details | illustrations (chiefly color) ; |
| Dimensions | 29 cm |
| 336 ## - CONTENT TYPE | |
| Source | rdacontent |
| Content type term | text |
| Content type code | txt |
| 337 ## - MEDIA TYPE | |
| Source | rdamedia |
| Media type term | unmediated |
| Media type code | n |
| 338 ## - CARRIER TYPE | |
| Source | rdacarrier |
| Carrier type term | volume |
| Carrier type code | nc |
| 500 ## - GENERAL NOTE | |
| General note | Includes glossary. |
| 504 ## - BIBLIOGRAPHY, ETC. NOTE | |
| Bibliography, etc | Includes bibliographical references and index. |
| 650 #7 - SUBJECT ADDED ENTRY--TOPICAL TERM | |
| Topical term or geographic name as entry element | Organizational behavior. |
| Source of heading or term | BUEsh |
| 9 (RLIN) | 31022 |
| 650 #7 - SUBJECT ADDED ENTRY--TOPICAL TERM | |
| Topical term or geographic name as entry element | Personnel management. |
| Source of heading or term | BUEsh |
| 651 ## - SUBJECT ADDED ENTRY--GEOGRAPHIC NAME | |
| Source of heading or term | BUEsh |
| 653 ## - INDEX TERM--UNCONTROLLED | |
| Resource For college | BAEPS, Business Administration |
| Arrived date list | February2017 |
| 655 ## - INDEX TERM--GENRE/FORM | |
| Form subdivision | Reading book |
| 9 (RLIN) | 34232 |
| 700 1# - ADDED ENTRY--PERSONAL NAME | |
| Personal name | Judge, Tim, |
| Relator term | author. |
| 9 (RLIN) | 31023 |
| 700 1# - ADDED ENTRY--PERSONAL NAME | |
| Personal name | Hasham, Elham S., |
| Relator term | author. |
| 942 ## - ADDED ENTRY ELEMENTS (KOHA) | |
| Source of classification or shelving scheme | Dewey Decimal Classification |
| Koha item type | Book - Borrowing |
| Call number prefix | 658.3 ROB |
| Withdrawn status | Lost status | Source of classification or shelving scheme | Damaged status | Not for loan | Collection code | Home library | Current library | Shelving location | Date acquired | Source of acquisition | Total Checkouts | Full call number | Barcode | Date last seen | Koha item type | Total Renewals | Date checked out | Public note | Cost, replacement price | Price effective from |
|---|---|---|---|---|---|---|---|---|---|---|---|---|---|---|---|---|---|---|---|---|
| Dewey Decimal Classification | Baccah | Central Library | Central Library | First floor | 15/09/2015 | Purchase | 658.3 ROB | 000031260 | 15/07/2025 | NB - Book (Non borrowing) | ||||||||||
| Lost & Replaced | Dewey Decimal Classification | Baccah | Central Library | Central Library | First floor | 27/10/2013 | Purchase | 1 | 658.3 ROB | 000029448 | 23/02/2017 | Book - Borrowing | 5 | 10/11/2013 | ||||||
| Dewey Decimal Classification | Baccah | Central Library | Central Library | First floor | 27/10/2013 | Purchase | 17 | 658.3 ROB | 000030384 | 15/07/2025 | Book - Borrowing | 33 | 07/02/2017 | |||||||
| Dewey Decimal Classification | Baccah | Central Library | Central Library | First floor | 15/09/2015 | Purchase | 20 | 658.3 ROB | 000030387 | 15/07/2025 | Book - Borrowing | 69 | 13/02/2017 | |||||||
| Dewey Decimal Classification | Baccah | Central Library | Central Library | First floor | 15/09/2015 | Purchase | 20 | 658.3 ROB | 000030385 | 15/07/2025 | Book - Borrowing | 81 | 24/09/2017 | |||||||
| Dewey Decimal Classification | Baccah | Central Library | Central Library | First floor | 27/10/2013 | Purchase | 5 | 658.3 ROB | 000029452 | 15/07/2025 | Book - Borrowing | 34 | 19/02/2015 | |||||||
| Dewey Decimal Classification | Baccah | Central Library | Central Library | First floor | 27/10/2013 | Purchase | 10 | 658.3 ROB | 000050288 | 15/07/2025 | Book - Borrowing | 6 | 25/10/2022 | Old barcode has been replaced (000029453) | ||||||
| Dewey Decimal Classification | Baccah | Central Library | Central Library | First floor | 15/09/2015 | Purchase | 14 | 658.3 ROB | 000030386 | 15/07/2025 | Book - Borrowing | 39 | 13/02/2017 | |||||||
| Dewey Decimal Classification | Baccah | Central Library | Central Library | First floor | 15/09/2015 | Purchase | 21 | 658.3 ROB | 000030382 | 15/07/2025 | Book - Borrowing | 44 | 07/11/2016 | |||||||
| Dewey Decimal Classification | Baccah | Central Library | Central Library | First floor | 27/10/2013 | Purchase | 19 | 658.3 ROB | 000030383 | 15/07/2025 | Book - Borrowing | 43 | 25/09/2017 | |||||||
| Dewey Decimal Classification | Baccah | Central Library | Central Library | First floor | 25/02/2017 | Purchase | 2 | 658.3 ROB | 000041208 | 15/07/2025 | Book - Borrowing | 6 | 29/10/2019 | 4390.00 | 25/02/2017 |